| 000 | 00704nam a2200241Ia 4500 | ||
|---|---|---|---|
| 001 | dia_2510 | ||
| 003 | CHAP | ||
| 005 | 20251023171035.0 | ||
| 008 | 220117s1998 xx 000 0 und d | ||
| 010 | _a173032 | ||
| 040 | _cCHAP | ||
| 082 | _a634 W55 | ||
| 100 |
_aWills, Ron _9122158 |
||
| 245 |
_aPostharvest an Introduction to the Physiology & Handling of Fruit, Vegetables & Ornamentals / _c by Ron Wills |
||
| 260 |
_aNew york : _b Unsw Press, _c1998 |
||
| 300 | _a262 p. | ||
| 500 | _aI.216833 | ||
| 650 |
_a1.Frutas _xfisiologĂa y morfologĂa _9153032 |
||
| 901 | _a634 W55 | ||
| 902 | _aM | ||
| 905 | _a0000001998 NY A 0000000000ING00 | ||
| 942 |
_cLIBRO _2ddc |
||
| 999 |
_c173032 _d173032 |
||